<?xml version="1.0" encoding="UTF-8"?>
<record
    xmlns:xsi="http://www.w3.org/2001/XMLSchema-instance"
    xsi:schemaLocation="http://www.loc.gov/MARC21/slim http://www.loc.gov/standards/marcxml/schema/MARC21slim.xsd"
    xmlns="http://www.loc.gov/MARC21/slim">

  <leader>00334nam a22001337a 4500</leader>
  <controlfield tag="008">241109b        |||||||| |||| 00| 0 eng d</controlfield>
  <datafield tag="020" ind1=" " ind2=" ">
    <subfield code="a">978-93-539-4490-2</subfield>
  </datafield>
  <datafield tag="100" ind1=" " ind2=" ">
    <subfield code="a">M.E. Fenner</subfield>
  </datafield>
  <datafield tag="245" ind1=" " ind2=" ">
    <subfield code="a">Machine Learning with Python for Everyone</subfield>
  </datafield>
  <datafield tag="260" ind1=" " ind2=" ">
    <subfield code="a">Noida</subfield>
    <subfield code="b">Pearson Pub </subfield>
    <subfield code="c">2024</subfield>
  </datafield>
  <datafield tag="300" ind1=" " ind2=" ">
    <subfield code="a">473</subfield>
  </datafield>
  <datafield tag="650" ind1=" " ind2=" ">
    <subfield code="a">CSE</subfield>
  </datafield>
  <datafield tag="942" ind1=" " ind2=" ">
    <subfield code="2">ddc</subfield>
    <subfield code="c">BK</subfield>
  </datafield>
  <datafield tag="999" ind1=" " ind2=" ">
    <subfield code="c">21019</subfield>
    <subfield code="d">21019</subfield>
  </datafield>
  <datafield tag="952" ind1=" " ind2=" ">
    <subfield code="p">BE 24900</subfield>
    <subfield code="g">820.00</subfield>
    <subfield code="i">26-10-2024</subfield>
    <subfield code="l">0</subfield>
    <subfield code="e">ABD Publisher</subfield>
    <subfield code="r">2024-11-09 00:00:00</subfield>
    <subfield code="w">2024-11-09</subfield>
    <subfield code="y">BK</subfield>
    <subfield code="0">0</subfield>
    <subfield code="4">0</subfield>
    <subfield code="7">1</subfield>
    <subfield code="a">MIETLIB</subfield>
    <subfield code="b">MIETLIB</subfield>
    <subfield code="c">169/6</subfield>
    <subfield code="d">2024-11-26</subfield>
    <subfield code="1">0</subfield>
    <subfield code="H">BE</subfield>
  </datafield>
  <datafield tag="952" ind1=" " ind2=" ">
    <subfield code="p">BE 24901</subfield>
    <subfield code="g">820.00</subfield>
    <subfield code="i">26-10-2024</subfield>
    <subfield code="l">1</subfield>
    <subfield code="e">ABD Publisher</subfield>
    <subfield code="r">2026-01-20 13:03:00</subfield>
    <subfield code="s">2025-09-08</subfield>
    <subfield code="w">2024-11-09</subfield>
    <subfield code="y">BK</subfield>
    <subfield code="0">0</subfield>
    <subfield code="4">0</subfield>
    <subfield code="7">0</subfield>
    <subfield code="a">MIETLIB</subfield>
    <subfield code="b">MIETLIB</subfield>
    <subfield code="c">197/1</subfield>
    <subfield code="d">2024-11-26</subfield>
    <subfield code="1">0</subfield>
    <subfield code="H">BE</subfield>
  </datafield>
  <datafield tag="952" ind1=" " ind2=" ">
    <subfield code="p">BE 24902</subfield>
    <subfield code="g">820.00</subfield>
    <subfield code="i">26-10-2024</subfield>
    <subfield code="l">0</subfield>
    <subfield code="e">ABD Publisher</subfield>
    <subfield code="r">2024-11-09 00:00:00</subfield>
    <subfield code="w">2024-11-09</subfield>
    <subfield code="y">BK</subfield>
    <subfield code="0">0</subfield>
    <subfield code="4">0</subfield>
    <subfield code="7">0</subfield>
    <subfield code="a">MIETLIB</subfield>
    <subfield code="b">MIETLIB</subfield>
    <subfield code="c">197/1</subfield>
    <subfield code="d">2024-11-26</subfield>
    <subfield code="1">0</subfield>
    <subfield code="H">BE</subfield>
  </datafield>
  <datafield tag="952" ind1=" " ind2=" ">
    <subfield code="p">BE 24903</subfield>
    <subfield code="g">820.00</subfield>
    <subfield code="i">26-10-2024</subfield>
    <subfield code="l">0</subfield>
    <subfield code="e">ABD Publisher</subfield>
    <subfield code="r">2024-11-09 00:00:00</subfield>
    <subfield code="w">2024-11-09</subfield>
    <subfield code="y">BK</subfield>
    <subfield code="0">0</subfield>
    <subfield code="4">0</subfield>
    <subfield code="7">0</subfield>
    <subfield code="a">MIETLIB</subfield>
    <subfield code="b">MIETLIB</subfield>
    <subfield code="c">197/1</subfield>
    <subfield code="d">2024-11-26</subfield>
    <subfield code="1">0</subfield>
    <subfield code="H">BE</subfield>
  </datafield>
  <datafield tag="952" ind1=" " ind2=" ">
    <subfield code="p">BE 24904</subfield>
    <subfield code="g">820.00</subfield>
    <subfield code="i">26-10-2024</subfield>
    <subfield code="l">0</subfield>
    <subfield code="e">ABD Publisher</subfield>
    <subfield code="r">2024-11-09 00:00:00</subfield>
    <subfield code="w">2024-11-09</subfield>
    <subfield code="y">BK</subfield>
    <subfield code="0">0</subfield>
    <subfield code="4">0</subfield>
    <subfield code="7">0</subfield>
    <subfield code="a">MIETLIB</subfield>
    <subfield code="b">MIETLIB</subfield>
    <subfield code="c">197/1</subfield>
    <subfield code="d">2024-11-26</subfield>
    <subfield code="1">0</subfield>
    <subfield code="H">BE</subfield>
  </datafield>
</record>
